[Event "Geneve YM"]
[Site "Geneve"]
[Date "1989.??.??"]
[Round "?"]
[White "Bex, Pierre Alain"]
[Black "Toshkov, Tihomir"]
[Result "0-1"]
[WhiteElo "2245"]
[BlackElo "2450"]
[PlyCount "44"]
[EventDate "1989.??.??"]
[EventType "tourn"]
[EventRounds "11"]
[EventCountry "SUI"]
[EventCategory "3"]
[SourceTitle "EXT 1997"]
[Source "ChessBase"]
[SourceDate "1996.11.15"]
[SourceVersion "1"]
[SourceVersionDate "1996.11.15"]
[SourceQuality "1"]

1. e4 c5 2. Nf3 e6 3. d4 cxd4 4. Nxd4 a6 5. Bd3 Nf6 6. Nc3 Qc7 7. 0-0 b5 8. Bg5 Bb7 9. Re1 Bc5 10. Nb3 Bd6 11. g3 Be5 12. Qe2 0-0 13. f4 Bxc3 14. bxc3 Qxc3 15. e5 Nd5 16. Qh5 g6 17. Qh6 f5 18. exf6 Nxf6 19. Re5 Ng4 20. Rc5 Qxa1+ 21. Nxa1 Nxh6 22. Rc7 Nf7 0-1

[Event "Geneve YM"]
[Site "Geneve"]
[Date "1989.??.??"]
[Round "?"]
[White "Horn, Pascal"]
[Black "Toshkov, Tihomir"]
[Result "0-1"]
[WhiteElo "2235"]
[BlackElo "2450"]
[PlyCount "85"]
[EventDate "1989.??.??"]
[EventType "tourn"]
[EventRounds "11"]
[EventCountry "SUI"]
[EventCategory "3"]
[SourceTitle "EXT 1997"]
[Source "ChessBase"]
[SourceDate "1996.11.15"]
[SourceVersion "1"]
[SourceVersionDate "1996.11.15"]
[SourceQuality "1"]

1. e4 c5 2. f4 e6 3. Nf3 Nc6 4. Bb5 Nge7 5. 0-0 a6 6. Be2 d5 7. d3 g6 8. c3 Bg7 9. Qe1 b6 10. Qh4 h6 11. Qg3 Qc7 12. Be3 Bb7 13. Nbd2 a5 14. a4 Ba6 15. Qf2 Rd8 16. Nb3 Rd7 17. Ne5 Nxe5 18. fxe5 0-0 19. d4 cxd4 20. cxd4 Bxe2 21. Qxe2 dxe4 22. Rac1 Qb7 23. Nd2 Nf5 24. Nc4 Nxd4 25. Qf2 Nc6 26. Qf4 g5 27. Qg3 Rd3 28. h4 Nxe5 29. hxg5 Ng6 30. gxh6 Bxh6 31. Rf6 Bg7 32. Rcf1 Qd5 33. Nxb6 Qe5 34. Rxg6 fxg6 35. Rxf8+ Kxf8 36. Qxg6 Qf5 37. Qxf5+ exf5 38. Bc5+ Kf7 39. Nc4 Bd4+ 40. Bxd4 Rxd4 41. b3 Ke6 42. Nxa5 f4 43. Kf1 0-1

[Event "Geneve YM"]
[Site "Geneve"]
[Date "1989.??.??"]
[Round "?"]
[White "Karolyi, Tibor Jr"]
[Black "Toshkov, Tihomir"]
[Result "1/2-1/2"]
[WhiteElo "2430"]
[BlackElo "2450"]
[PlyCount "62"]
[EventDate "1989.??.??"]
[EventType "tourn"]
[EventRounds "11"]
[EventCountry "SUI"]
[EventCategory "3"]
[SourceTitle "EXT 1997"]
[Source "ChessBase"]
[SourceDate "1996.11.15"]
[SourceVersion "1"]
[SourceVersionDate "1996.11.15"]
[SourceQuality "1"]

1. d4 Nf6 2. c4 g6 3. Nc3 Bg7 4. e4 d6 5. Nf3 0-0 6. Be2 e5 7. 0-0 Nc6 8. d5 Ne7 9. Ne1 Nd7 10. Be3 f5 11. f3 Kh8 12. b4 Nf6 13. c5 Rf7 14. Nd3 Neg8 15. a4 Ne8 16. a5 Bh6 17. Bf2 Ngf6 18. Nb2 Nh5 19. g3 fxe4 20. fxe4 Nef6 21. Nc4 Bh3 22. Qd3 Bxf1 23. Rxf1 a6 24. Kg2 Ng7 25. Bg1 Qe7 26. Rb1 Nge8 27. Bd1 Rd8 28. Qe2 Nd7 29. Ba4 Nef6 30. c6 bxc6 31. Bxc6 Rdf8 1/2-1/2

[Event "Geneve YM"]
[Site "Geneve"]
[Date "1989.??.??"]
[Round "?"]
[White "Toshkov, Tihomir"]
[Black "Chabanon, Jean Luc"]
[Result "1-0"]
[WhiteElo "2450"]
[BlackElo "2250"]
[PlyCount "81"]
[EventDate "1989.??.??"]
[EventType "tourn"]
[EventRounds "11"]
[EventCountry "SUI"]
[EventCategory "3"]
[SourceTitle "EXT 1997"]
[Source "ChessBase"]
[SourceDate "1996.11.15"]
[SourceVersion "1"]
[SourceVersionDate "1996.11.15"]
[SourceQuality "1"]

1. Nf3 Nf6 2. c4 g6 3. g3 Bg7 4. Bg2 0-0 5. d4 d5 6. cxd5 Nxd5 7. 0-0 Nb6 8. Nc3 Nc6 9. e3 e5 10. d5 Na5 11. e4 c6 12. Bg5 f6 13. Be3 cxd5 14. exd5 Nac4 15. Bc5 Rf7 16. b3 Rc7 17. Bb4 e4 18. Nxe4 Bf5 19. Nd4 a5 20. Nxf5 gxf5 21. Nc5 Qc8 22. Ne6 Nb2 23. Qd4 axb4 24. Nxc7 Qxc7 25. d6 Qd8 26. Qxb2 Qxd6 27. Bxb7 Ra7 28. Bg2 f4 29. Rad1 Qe5 30. Qd4 Qxd4 31. Rxd4 fxg3 32. Rxb4 gxf2+ 33. Rxf2 Nd7 34. Rb7 Rxb7 35. Bxb7 Nc5 36. Bd5+ Kf8 37. Rc2 f5 38. Kh1 Bd4 39. b4 Na4 40. Rc7 Nc3 41. Rf7+ 1-0

[Event "BUL-Spartakiad 7th "]
[Site "Sofia"]
[Date "1989.??.??"]
[Round "?"]
[White "Toshkov, Tihomir"]
[Black "Lukov, Valentin"]
[Result "0-1"]
[WhiteElo "2440"]
[BlackElo "2400"]
[PlyCount "94"]
[EventDate "1989.07.??"]
[EventType "team-swiss"]
[EventRounds "7"]
[EventCountry "BUL"]
[SourceTitle "EXT 2009"]
[Source "ChessBase"]
[SourceDate "2008.11.26"]
[SourceVersion "1"]
[SourceVersionDate "2008.11.26"]
[SourceQuality "1"]

1. d4 Nf6 2. Nf3 e6 3. c4 c5 4. Nc3 cxd4 5. Nxd4 Bb4 6. g3 Ne4 7. Qd3 Qa5 8. Nb3 Nxc3 9. Bd2 Ne4 10. Qxe4 Bxd2+ 11. Nxd2 0-0 12. Qd4 Nc6 13. Qd6 Qb4 14. Qxb4 Nxb4 15. Kd1 b6 16. a3 Na6 17. Bg2 Rb8 18. Kc2 Bb7 19. Bxb7 Rxb7 20. Ne4 Rc7 21. Nd6 b5 22. b4 bxc4 23. Rhd1 Rb8 24. e4 f6 25. f4 Kf8 26. Kc3 Ke7 27. Rd4 Rc6 28. Rad1 Nc7 29. a4 a6 30. g4 g6 31. h4 Rf8 32. R1d2 Rb8 33. g5 fxg5 34. hxg5 e5 35. fxe5 Ne6 36. Rxc4 Nxg5 37. b5 axb5 38. axb5 Rxb5 39. Rxc6 dxc6 40. Ra2 Rxe5 41. Nc4 Nxe4+ 42. Kd4 Re6 43. Ne5 Nc3 44. Rh2 Nb5+ 45. Ke4 Nd6+ 46. Kd4 Nf5+ 47. Ke4 Kf6 0-1

[Event "Saint John op-2"]
[Site "Saint John"]
[Date "1988.??.??"]
[Round "?"]
[White "Razuvaev, Yuri S"]
[Black "Toshkov, Tihomir"]
[Result "1/2-1/2"]
[WhiteElo "2525"]
[BlackElo "2395"]
[PlyCount "86"]
[EventDate "1988.02.08"]
[EventType "swiss"]
[EventRounds "9"]
[EventCountry "CAN"]
[SourceTitle "CBM 006"]
[Source "ChessBase"]
[SourceDate "1988.10.01"]
[SourceVersion "1"]
[SourceVersionDate "1988.10.01"]
[SourceQuality "1"]

1. d4 Nf6 2. c4 g6 3. Nc3 d5 4. cxd5 Nxd5 5. e4 Nxc3 6. bxc3 Bg7 7. Bc4 c5 8. Ne2 Nc6 9. Be3 0-0 10. 0-0 Bg4 11. f3 Na5 12. Bd3 cxd4 13. cxd4 Bd7 14. Rb1 a6 15. Qd2 Rc8 16. Rbc1 Rxc1 17. Rxc1 Bb5 18. d5 Bxd3 19. Qxd3 b5 20. Nd4 Nc4 21. Nc6 Qd6 22. Bd2 Nxd2 23. Qxd2 e6 24. g3 exd5 25. exd5 Re8 26. Kg2 h5 27. Rc2 Bf6 28. Qf4 Qxf4 29. gxf4 Re3 30. Rd2 Rc3 31. Nb8 a5 32. d6 Rc8 33. Nd7 Bd8 34. Ne5 Kg7 35. d7 Rc7 36. Rd6 Rc2+ 37. Kh3 b4 38. Nc6 Bc7 39. d8Q Bxd8 40. Nxd8 Rxa2 41. Rd7 b3 42. Rxf7+ Kg8 43. Rb7 a4 1/2-1/2

[Event "Jurmala"]
[Site "Jurmala"]
[Date "1987.??.??"]
[Round "3"]
[White "Casper, Thomas"]
[Black "Toshkov, Tihomir"]
[Result "1-0"]
[WhiteElo "2435"]
[BlackElo "2460"]
[PlyCount "121"]
[EventDate "1987.08.31"]
[EventType "tourn"]
[EventRounds "13"]
[EventCountry "URS"]
[EventCategory "10"]
[SourceTitle "CBM 005"]
[Source "ChessBase"]
[SourceDate "1988.08.01"]
[SourceVersion "1"]
[SourceVersionDate "1988.08.01"]
[SourceQuality "1"]

1. e4 c5 2. Nf3 e6 3. d3 d5 4. Nbd2 Nc6 5. g3 Bd6 6. Bg2 Nge7 7. 0-0 0-0 8. Re1 f6 9. c3 Kh8 10. exd5 exd5 11. Nf1 d4 12. cxd4 cxd4 13. N1d2 Bg4 14. h3 Bh5 15. Ne4 Nd5 16. a3 Qd7 17. Ne5 Nxe5 18. Qxh5 Nxd3 19. Rd1 Nxf2 20. Nxf2 Be5 21. Nd3 Rae8 22. Qf3 Ne7 23. Qxb7 Qxb7 24. Bxb7 Bxg3 25. Bf3 Nf5 26. Bf4 Bxf4 27. Nxf4 Re3 28. Bg4 Ng3 29. Rxd4 f5 30. Kf2 fxg4 31. Kxe3 Nf5+ 32. Ke4 Nxd4 33. hxg4 Nb3 34. Rd1 Re8+ 35. Kf3 g5 36. Nh5 Nc5 37. b4 Rf8+ 38. Ke3 Ne6 39. Rd7 Nf4 40. Nxf4 gxf4+ 41. Kf3 a5 42. bxa5 Ra8 43. Rd5 Kg7 44. Kxf4 Kf6 45. Rb5 Ke6 46. Rb6+ Kd5 47. a6 Kc5 48. Rb7 Rxa6 49. Rxh7 Ra4+ 50. Kg5 Kd6 51. Rh3 Ke6 52. Rf3 Ra8 53. Kh6 Ke5 54. g5 Ke4 55. Rb3 Kf5 56. g6 Ra4 57. Rf3+ Kg4 58. Rf8 Ra6 59. a4 Rb6 60. a5 Ra6 61. Rb8 1-0

[Event "Jurmala"]
[Site "Jurmala"]
[Date "1987.??.??"]
[Round "7"]
[White "Gipslis, Aivars P"]
[Black "Toshkov, Tihomir"]
[Result "1-0"]
[WhiteElo "2495"]
[BlackElo "2460"]
[PlyCount "95"]
[EventDate "1987.08.31"]
[EventType "tourn"]
[EventRounds "13"]
[EventCountry "URS"]
[EventCategory "10"]
[SourceTitle "CBM 005"]
[Source "ChessBase"]
[SourceDate "1988.08.01"]
[SourceVersion "1"]
[SourceVersionDate "1988.08.01"]
[SourceQuality "1"]

1. e4 e6 2. d4 d5 3. Nc3 Bb4 4. Nge2 dxe4 5. a3 Bxc3+ 6. Nxc3 Nc6 7. Bb5 Nge7 8. Bg5 f6 9. Be3 0-0 10. Qd2 e5 11. dxe5 Qxd2+ 12. Bxd2 f5 13. Bc4+ Kh8 14. Nb5 Nxe5 15. Nxc7 Nxc4 16. Bb4 Rb8 17. Bxe7 Rf7 18. 0-0-0 Be6 19. Bd6 Bd7 20. Bf4 Rc8 21. h4 h6 22. b3 Nxa3 23. Kb2 Nxc2 24. Kxc2 Bc6 25. Kd2 e3+ 26. fxe3 Rcxc7 27. Bxc7 Rxc7 28. Rhg1 Kh7 29. Ke2 Bb5+ 30. Kf3 Rc2 31. Kf4 Bc6 32. g3 Rf2+ 33. Ke5 Re2 34. Rd3 Be4 35. Rc3 Rd2 36. g4 Rd5+ 37. Kf4 Rb5 38. gxf5 Bc6 39. e4 Rb4 40. Re3 a5 41. Ke5 Rb5+ 42. Kd6 Rb4 43. Reg3 Rd4+ 44. Kc5 Rd7 45. e5 Be4 46. e6 Rd5+ 47. Kb6 g5 48. Re3 1-0

[Event "BUL-ch"]
[Site "Elenite"]
[Date "1987.??.??"]
[Round "5"]
[White "Manolov, Ivan"]
[Black "Toshkov, Tihomir"]
[Result "1-0"]
[WhiteElo "2320"]
[BlackElo "2435"]
[PlyCount "74"]
[EventDate "1987.??.??"]
[EventType "swiss"]
[EventRounds "11"]
[EventCountry "BUL"]
[SourceTitle "EXT 2000"]
[Source "ChessBase"]
[SourceDate "1999.11.16"]
[SourceVersion "1"]
[SourceVersionDate "1999.11.16"]
[SourceQuality "1"]

1. e4 e6 2. d3 d5 3. Nd2 c5 4. Ngf3 Nc6 5. g3 g6 6. Bg2 Bg7 7. 0-0 Nge7 8. Re1 b6 9. c3 a5 10. a4 Ra7 11. Nb1 0-0 12. Na3 Rd7 13. e5 Ba6 14. Bf4 h6 15. h4 Nf5 16. Qd2 Na7 17. d4 Qe7 18. Nc2 Nc6 19. Bh3 Kh7 20. Bxf5 gxf5 21. Ne3 cxd4 22. Nxd4 Nxd4 23. Qxd4 Qc5 24. Nc2 Rb8 25. Qd2 d4 26. Nxd4 Bb7 27. Qe2 Qd5 28. f3 Bf8 29. Kh2 Rbd8 30. Rad1 Qc5 31. Rd2 Rd5 32. Qe3 Bg7 33. Rg2 Rxd4 34. cxd4 Rxd4 35. Rc1 Qd5 36. Rc3 Bf8 37. Rd2 Bc5 1-0

[Event "Jurmala"]
[Site "Jurmala"]
[Date "1987.??.??"]
[Round "5"]
[White "Sygulski, Artur"]
[Black "Toshkov, Tihomir"]
[Result "1/2-1/2"]
[WhiteElo "2410"]
[BlackElo "2460"]
[PlyCount "121"]
[EventDate "1987.08.31"]
[EventType "tourn"]
[EventRounds "13"]
[EventCountry "URS"]
[EventCategory "10"]
[SourceTitle "CBM 005"]
[Source "ChessBase"]
[SourceDate "1988.08.01"]
[SourceVersion "1"]
[SourceVersionDate "1988.08.01"]
[SourceQuality "1"]

1. d4 e6 2. g3 d5 3. Bg2 g6 4. Nd2 Bg7 5. Ngf3 Nf6 6. c3 0-0 7. Qc2 c5 8. dxc5 a5 9. b4 Na6 10. Rb1 e5 11. Nxe5 Bf5 12. Nd3 Re8 13. Nf3 Ne4 14. Bd2 Qe7 15. Bf1 Qf6 16. Rb3 Naxc5 17. bxc5 Nxc5 18. Bg5 Bxd3 19. Bxf6 Bxc2 20. Rb6 Be4 21. Bxg7 Bxf3 22. Bd4 Na4 23. Rg1 Nxb6 24. Bxb6 Be4 25. Kd2 Bb1 26. a3 Ba2 27. e3 Re6 28. Bd4 b5 29. Bxb5 Rb8 30. a4 Bc4 31. Rb1 g5 32. h3 h6 33. f3 h5 34. Ke1 g4 35. fxg4 hxg4 36. h4 Re7 37. Kd2 Reb7 38. Be5 Re8 39. Bd4 Re6 40. Rb2 Rh6 41. e4 dxe4 42. Ke3 Rh5 43. Kxe4 Bxb5 44. axb5 Rhxb5 45. Ra2 Re7+ 46. Kf4 f5 47. Kg5 Re4 48. Ra1 Kf7 49. Ra2 f4+ 50. Kxg4 fxg3+ 51. Kxg3 Kg6 52. Ra1 Kh5 53. Kf3 Re6 54. Kf4 Ra6 55. Ra4 Kxh4 56. Ke4 Kg4 57. c4 Rb4 58. Rxb4 axb4 59. c5 Re6+ 60. Kd5 Kf5 61. c6 1/2-1/2

[Event "Jurmala"]
[Site "Jurmala"]
[Date "1987.??.??"]
[Round "13"]
[White "Toshkov, Tihomir"]
[Black "Kengis, Edvins"]
[Result "0-1"]
[WhiteElo "2460"]
[BlackElo "2475"]
[PlyCount "80"]
[EventDate "1987.08.31"]
[EventType "tourn"]
[EventRounds "13"]
[EventCountry "URS"]
[EventCategory "10"]
[SourceTitle "CBM 005"]
[Source "ChessBase"]
[SourceDate "1988.08.01"]
[SourceVersion "1"]
[SourceVersionDate "1988.08.01"]
[SourceQuality "1"]

1. d4 Nf6 2. c4 e6 3. Nf3 b6 4. Nc3 Bb4 5. Bg5 h6 6. Bh4 Bb7 7. e3 g5 8. Bg3 Ne4 9. Qc2 Bxc3+ 10. bxc3 Nxg3 11. fxg3 g4 12. Ne5 h5 13. Bd3 d6 14. Be4 c6 15. Nxf7 Kxf7 16. 0-0+ Ke7 17. Bg6 Kd7 18. Qe4 Kc7 19. Rf7+ Nd7 20. c5 Kb8 21. Raf1 bxc5 22. Qxe6 Nb6 23. dxc5 Re8 24. Qxd6+ Qxd6 25. cxd6 Bc8 26. a4 Rd8 27. a5 Rxd6 28. Rb1 Be6 29. Rf8+ Kb7 30. Rxa8 Kxa8 31. axb6 axb6 32. Rxb6 Bc4 33. h3 Rxg6 34. Rb4 Be6 35. Kh2 Ka7 36. e4 Rg5 37. Rd4 Re5 38. Kg1 c5 39. Ra4+ Kb6 40. Kf2 Kb5 0-1

[Event "Jurmala"]
[Site "Jurmala"]
[Date "1987.??.??"]
[Round "4"]
[White "Toshkov, Tihomir"]
[Black "Kosten, Anthony C"]
[Result "1-0"]
[WhiteElo "2460"]
[BlackElo "2495"]
[PlyCount "67"]
[EventDate "1987.08.31"]
[EventType "tourn"]
[EventRounds "13"]
[EventCountry "URS"]
[EventCategory "10"]
[SourceTitle "CBM 005"]
[Source "ChessBase"]
[SourceDate "1988.08.01"]
[SourceVersion "1"]
[SourceVersionDate "1988.08.01"]
[SourceQuality "1"]

1. d4 Nf6 2. c4 e6 3. Nc3 Bb4 4. Nf3 b6 5. Bg5 Bb7 6. e3 h6 7. Bh4 Bxc3+ 8. bxc3 d6 9. Nd2 Nbd7 10. a4 a5 11. Rb1 0-0 12. Bd3 Qe8 13. 0-0 e5 14. e4 Nh7 15. Bg3 c5 16. Re1 Qe6 17. f4 f6 18. d5 Qe7 19. f5 Rfb8 20. Bf2 Ba6 21. Re3 Rb7 22. Rg3 Kh8 23. Be3 Rg8 24. Nf3 Ndf8 25. Nh4 Rb8 26. Ng6+ Nxg6 27. fxg6 Nf8 28. Qh5 Bc8 29. Be2 Bd7 30. Bg4 Bxg4 31. Rxg4 Rb7 32. Rf1 Qd7 33. Qh4 Qe8 34. Rxf6 1-0

[Event "BUL-ch"]
[Site "Elenite"]
[Date "1987.??.??"]
[Round "11"]
[White "Toshkov, Tihomir"]
[Black "Ninov, Kiril"]
[Result "0-1"]
[WhiteElo "2435"]
[BlackElo "2315"]
[PlyCount "100"]
[EventDate "1987.??.??"]
[EventType "swiss"]
[EventRounds "11"]
[EventCountry "BUL"]
[SourceTitle "EXT 2000"]
[Source "ChessBase"]
[SourceDate "1999.11.16"]
[SourceVersion "1"]
[SourceVersionDate "1999.11.16"]
[SourceQuality "1"]

1. d4 d5 2. c4 c6 3. Nc3 Nf6 4. e3 e6 5. Nf3 a6 6. Bd3 dxc4 7. Bxc4 b5 8. Bb3 c5 9. 0-0 Bb7 10. Qe2 Nc6 11. Rd1 Qc7 12. Bd2 Be7 13. Rac1 Na5 14. dxc5 Nxb3 15. axb3 Qxc5 16. e4 Qh5 17. e5 Nd7 18. Bf4 Rd8 19. Ne4 Qf5 20. Rd4 Bxe4 21. Rxe4 Nc5 22. Rxc5 Bxc5 23. h3 h5 24. b4 Be7 25. Nd4 Qg6 26. Nc6 Rc8 27. Nxe7 Kxe7 28. Be3 Kf8 29. Bc5+ Kg8 30. Kh2 h4 31. Rg4 Qf5 32. f4 Rh6 33. Qf3 Rg6 34. Qb7 Rd8 35. Qe7 Rd2 36. Qe8+ Kh7 37. Rxh4+ Rh6 38. Rxh6+ gxh6 39. Be3 Re2 40. Bc1 Qg6 41. Qa8 Qe4 42. Qxe4+ Rxe4 43. Bd2 Rd4 44. Bc3 Rxf4 45. g4 Rf3 46. Kg2 Rd3 47. h4 Kg6 48. Be1 h5 49. gxh5+ Kxh5 50. Kf2 Rd5 0-1

[Event "Jurmala"]
[Site "Jurmala"]
[Date "1987.??.??"]
[Round "11"]
[White "Toshkov, Tihomir"]
[Black "Romanishin, Oleg M"]
[Result "0-1"]
[WhiteElo "2460"]
[BlackElo "2555"]
[PlyCount "84"]
[EventDate "1987.08.31"]
[EventType "tourn"]
[EventRounds "13"]
[EventCountry "URS"]
[EventCategory "10"]
[SourceTitle "CBM 005"]
[Source "ChessBase"]
[SourceDate "1988.08.01"]
[SourceVersion "1"]
[SourceVersionDate "1988.08.01"]
[SourceQuality "1"]

1. d4 Nf6 2. c4 e6 3. Nf3 c5 4. d5 exd5 5. cxd5 d6 6. Nc3 g6 7. Nd2 Bg7 8. e4 0-0 9. Be2 Ne8 10. 0-0 f5 11. exf5 Bxf5 12. Nc4 Na6 13. Bf4 Nb4 14. Qd2 Qd7 15. h3 b5 16. Ne3 Bd3 17. Bg3 Bxe2 18. Qxe2 Rb8 19. a3 Na6 20. a4 Bxc3 21. bxc3 Nac7 22. axb5 Nxb5 23. Qb2 Nf6 24. Rfb1 Qc7 25. Qc2 Rfe8 26. Qd3 c4 27. Nxc4 Ne4 28. Rxb5 Rxb5 29. Re1 Nf6 30. Re6 Rxe6 31. dxe6 Rd5 32. Qf3 Qe7 33. Bh4 g5 34. Ne3 Rc5 35. Qa8+ Qe8 36. Qf3 Qxe6 37. Bg3 Ne4 38. c4 a5 39. h4 a4 40. hxg5 Rxg5 41. Nd5 Nxg3 42. fxg3 a3 0-1

[Event "Varna 25th"]
[Site "Varna"]
[Date "1986.05.01"]
[Round "9"]
[White "Toshkov, Tihomir"]
[Black "Inkiov, Ventzislav"]
[Result "1-0"]
[WhiteElo "2430"]
[BlackElo "2465"]
[PlyCount "91"]
[EventDate "1986.04.23"]
[EventType "tourn"]
[EventRounds "11"]
[EventCountry "BUL"]
[EventCategory "8"]
[SourceTitle "EXT 2000"]
[Source "ChessBase"]
[SourceDate "1999.11.16"]
[SourceVersion "1"]
[SourceVersionDate "1999.11.16"]
[SourceQuality "1"]

1. d4 Nf6 2. c4 e6 3. Nf3 d5 4. Nc3 Bb4 5. e3 0-0 6. a3 Bxc3+ 7. bxc3 c5 8. cxd5 exd5 9. Bd3 Bg4 10. 0-0 Nc6 11. Bb2 c4 12. Be2 Ne4 13. Kh1 Re8 14. Ng1 Bxe2 15. Nxe2 b5 16. Bc1 Na5 17. f3 Nb3 18. Ra2 Nf6 19. Ng3 a5 20. Re2 b4 21. e4 dxe4 22. fxe4 bxc3 23. d5 Ng4 24. Bf4 g6 25. Rc2 Ne5 26. Rxc3 Rc8 27. Qc2 Qf6 28. h3 a4 29. Re3 Nd3 30. e5 Qb6 31. Re4 Qc5 32. e6 Qxd5 33. exf7+ Qxf7 34. Bh6 Qxf1+ 35. Nxf1 Rxe4 36. Qc3 Re7 37. Ne3 Nf2+ 38. Kh2 Ne4 39. Qb4 Rec7 40. Nd5 Kf7 41. Nxc7 Rxc7 42. Qb8 Re7 43. Qf8+ Ke6 44. Qc8+ Kd5 45. Qd8+ Ke6 46. Bf8 1-0

[Event "Varna 25th"]
[Site "Varna"]
[Date "1986.04.30"]
[Round "8"]
[White "Lalic, Bogdan"]
[Black "Toshkov, Tihomir"]
[Result "1/2-1/2"]
[WhiteElo "2450"]
[BlackElo "2430"]
[PlyCount "72"]
[EventDate "1986.04.23"]
[EventType "tourn"]
[EventRounds "11"]
[EventCountry "BUL"]
[EventCategory "8"]
[SourceTitle "EXT 2000"]
[Source "ChessBase"]
[SourceDate "1999.11.16"]
[SourceVersion "1"]
[SourceVersionDate "1999.11.16"]
[SourceQuality "1"]

1. d4 e6 2. c4 Bb4+ 3. Bd2 Bxd2+ 4. Qxd2 Nf6 5. Nc3 d5 6. Nf3 0-0 7. Rd1 Qe7 8. Qc2 c5 9. cxd5 exd5 10. dxc5 Qxc5 11. e3 Nc6 12. Be2 Bg4 13. 0-0 Rad8 14. Qa4 Bxf3 15. Bxf3 d4 16. exd4 Rxd4 17. Rxd4 Nxd4 18. Bxb7 Rb8 19. Rd1 Ne6 20. Ne4 Qe5 21. Nxf6+ gxf6 22. Bd5 Rxb2 23. g3 Qe2 24. Rf1 Rd2 25. Bxe6 fxe6 26. Qxa7 Rxa2 27. Qd4 Kg7 28. Qd7+ Kg6 29. Qe8+ Kg7 30. Qe7+ Kg6 31. Qf8 h5 32. Qg8+ Kh6 33. Qf7 Qe5 34. Rc1 Ra1 35. Rxa1 Qxa1+ 36. Kg2 Qe5 1/2-1/2

[Event "Varna 25th"]
[Site "Varna"]
[Date "1986.04.25"]
[Round "3"]
[White "Ermenkov, Evgenij"]
[Black "Toshkov, Tihomir"]
[Result "1-0"]
[WhiteElo "2430"]
[BlackElo "2430"]
[PlyCount "61"]
[EventDate "1986.04.23"]
[EventType "tourn"]
[EventRounds "11"]
[EventCountry "BUL"]
[EventCategory "8"]
[SourceTitle "EXT 2000"]
[Source "ChessBase"]
[SourceDate "1999.11.16"]
[SourceVersion "1"]
[SourceVersionDate "1999.11.16"]
[SourceQuality "1"]

1. c4 e6 2. Nf3 Nf6 3. g3 d5 4. b3 c5 5. Bg2 Nc6 6. 0-0 Be7 7. e3 0-0 8. Qe2 Re8 9. Bb2 Bf8 10. d4 cxd4 11. exd4 b6 12. Nc3 Ba6 13. Rfd1 Rc8 14. Ne5 Na5 15. Nb5 dxc4 16. bxc4 Rxc4 17. Nxa7 Qc7 18. Nac6 Nxc6 19. Bxc6 Rxc6 20. Qxa6 Rc2 21. Rac1 Rb8 22. Qb5 Rxc1 23. Rxc1 Qb7 24. Rc6 Nd5 25. a4 f6 26. Nc4 Kf7 27. Ne3 Ne7 28. Rd6 Qc8 29. Rd7 Rb7 30. Rxb7 Qxb7 31. Nc4 1-0

[Event "Varna 25th"]
[Site "Varna"]
[Date "1986.04.24"]
[Round "2"]
[White "Toshkov, Tihomir"]
[Black "Mnatsakanian, Eduard A"]
[Result "1/2-1/2"]
[WhiteElo "2430"]
[BlackElo "2430"]
[PlyCount "167"]
[EventDate "1986.04.23"]
[EventType "tourn"]
[EventRounds "11"]
[EventCountry "BUL"]
[EventCategory "8"]
[SourceTitle "EXT 2000"]
[Source "ChessBase"]
[SourceDate "1999.11.16"]
[SourceVersion "1"]
[SourceVersionDate "1999.11.16"]
[SourceQuality "1"]

1. d4 d5 2. c4 c6 3. Nc3 Nf6 4. Nf3 dxc4 5. a4 Bf5 6. e3 e6 7. a5 Nbd7 8. Bxc4 Bd6 9. 0-0 0-0 10. Re1 e5 11. e4 Bg4 12. d5 cxd5 13. Nxd5 Nxd5 14. Bxd5 Bb4 15. Re3 Nc5 16. h3 Bxf3 17. Rxf3 Bxa5 18. Be3 Rc8 19. Rxf7 Rxf7 20. Qh5 Qf6 21. Rxa5 Ne6 22. Rxa7 g6 23. Qg4 Re8 24. Rxb7 Rxb7 25. Bxb7 Kg7 26. Bd5 Nf4 27. Bc4 Rd8 28. Kh2 h5 29. Qf3 Qd6 30. Bxf4 exf4 31. b3 Qe5 32. Bd5 Rc8 33. Bc4 Rd8 34. Bd5 Rc8 35. Bc4 Ra8 36. Qd3 f3+ 37. g3 Rf8 38. Qd7+ Kh6 39. Qd2+ Kg7 40. Qd7+ Kh8 41. Qd2 Kh7 42. Qd7+ Qg7 43. Qd6 Qa7 44. Kg1 Qa1+ 45. Kh2 Qf6 46. Qxf6 Rxf6 47. h4 Kh6 48. e5 Rf5 49. Bd5 Kg7 50. Be4 Rxe5 51. Bxf3 Rb5 52. Kg2 Rxb3 53. Bd5 Rc3 54. Be4 Kf6 55. Bb1 Rb3 56. Bc2 Rb6 57. Bd3 Ke5 58. Be2 Ke4 59. Bc4 Kd4 60. Be2 Kc3 61. Bf3 Rb4 62. Bd5 Kd2 63. Bf7 Rb6 64. Kf1 Ra6 65. Be8 Rf6 66. Bb5 Rf8 67. Bc4 Rc8 68. Bf7 Rc6 69. Be8 Rf6 70. Bb5 Re6 71. Bc4 Re1+ 72. Kg2 Re7 73. Kf1 Rb7 74. Bd5 Rb1+ 75. Kg2 Ke1 76. Be4 Rb6 77. Bd3 Rd6 78. Be4 Rf6 79. Kg1 Ke2 80. Bc2 Rb6 81. Kg2 Rc6 82. Be4 Rf6 83. Kg1 Re6 84. Bd5 1/2-1/2

[Event "Varna 25th"]
[Site "Varna"]
[Date "1986.04.23"]
[Round "1"]
[White "Radulov, Ivan"]
[Black "Toshkov, Tihomir"]
[Result "1/2-1/2"]
[WhiteElo "2405"]
[BlackElo "2430"]
[PlyCount "46"]
[EventDate "1986.04.23"]
[EventType "tourn"]
[EventRounds "11"]
[EventCountry "BUL"]
[EventCategory "8"]
[SourceTitle "EXT 2000"]
[Source "ChessBase"]
[SourceDate "1999.11.16"]
[SourceVersion "1"]
[SourceVersionDate "1999.11.16"]
[SourceQuality "1"]

1. e4 e5 2. Nf3 Nc6 3. Bb5 a6 4. Ba4 Nf6 5. 0-0 b5 6. Bb3 Be7 7. Re1 d6 8. c3 0-0 9. h3 Bb7 10. d4 Re8 11. Ng5 Rf8 12. Nf3 Re8 13. Nbd2 Bf8 14. Bc2 g6 15. d5 Nb8 16. b3 c6 17. c4 Nbd7 18. Nf1 bxc4 19. bxc4 Nc5 20. N1d2 Qc7 21. Nb3 Nxb3 22. axb3 cxd5 23. exd5 a5 1/2-1/2

[Event "Balkaniad (Men)"]
[Site "Sofia"]
[Date "1986.??.??"]
[Round "?"]
[White "Ermenkov, Evgenij"]
[Black "Toshkov, Tihomir"]
[Result "0-1"]
[WhiteElo "2430"]
[BlackElo "2430"]
[PlyCount "98"]
[EventDate "1986.??.??"]
[EventType "team"]
[EventRounds "7"]
[EventCountry "BUL"]
[SourceTitle "EXT 2004"]
[Source "ChessBase"]
[SourceDate "2003.11.25"]
[SourceVersion "1"]
[SourceVersionDate "2003.11.25"]
[SourceQuality "1"]

1. e4 e6 2. d4 d5 3. Nd2 c5 4. exd5 exd5 5. Bb5+ Nc6 6. Qe2+ Be7 7. dxc5 Nf6 8. Nb3 0-0 9. Nf3 Re8 10. Be3 Ne4 11. 0-0 Nxc5 12. Qd1 Nxb3 13. axb3 a6 14. c3 Bg4 15. Be2 Bd6 16. Re1 Bc7 17. Nd4 Bxe2 18. Rxe2 Qd6 19. g3 Qg6 20. Qc2 Qf6 21. Rae1 Re4 22. Kg2 Rae8 23. f3 Nxd4 24. Bxd4 Rxe2+ 25. Rxe2 Rxe2+ 26. Qxe2 Qe6 27. Qd3 h5 28. Bf2 Qe5 29. Be3 Qe6 30. Qd4 Be5 31. Qc5 Bd6 32. Qb6 Be7 33. Qd4 Qf5 34. Bf2 Bf6 35. Qe3 g5 36. h3 Kg7 37. g4 hxg4 38. hxg4 Qc2 39. f4 gxf4 40. Qxf4 Qxb2 41. g5 Bxc3 42. Kh3 Be5 43. Qh4 Qxb3+ 44. Kg2 Qd3 45. Qh6+ Kg8 46. Bc5 Qc2+ 47. Kh1 Qc1+ 48. Kg2 Qxc5 49. g6 Qc2+ 0-1